000 00391pab a2200145 454500
008 180718b2003 xxu||||| |||| 00| 0 eng d
100 _aMcLarney, Carolan
245 _aStrategic planning processes in chaotic environments: how to calm a turbulent sea?
260 _c2003
300 _ap.27-45.
362 _aJan-Mar
650 _aStrategic planning
773 _aVikalpa
909 _a56994
999 _c56994
_d56994